00945nam a2200217 a 450000100100000000500170001000800410002704000250006808200140009311000970010724500990020426000370030330000200034049000320036070000380039283000410043004900090047195201120048095201180059299900170071000002979220200930055817.0110426s2000 dr 000 0 spa d aDO-SdBNPbspacBNPHU axxxbC3971 aRepública DominicanabCentro Nacional de Investigaciones en Salud Materno Infantil.95654510aConducta responsable respecto a la comunicación cientifíca /ceditor Erwin Cruz Bournigal. aSanto Domingo :bCENISMI,c2000. a40 p. ;c27 cm.1 aPublicaciones Técnicasv31 aCruz Bournigal, Erwineed.956546 0aPublicaciones Técnicaseed.956334 aBNPD 0010718PDaPDbPDcCTd2011-04-26iLF1l0oxxx C397p29792-10r2020-06-25w2020-06-25yLFPDZNo se presta 0010718PDaPDbPDcCTd2011-04-28iLF1l0oxxx C397p29792-20r2020-06-25te. 2w2020-06-25yLFPDZNo se presta c29284d29284